El perfume: Historia de un asesino

Na minha lista:
Detalhes bibliográficos
Autor principal: Süskind, Patrick (Autor)
Formato: Livro
Idioma:espanhol
Publicado em: Santiago Planeta Chilena S.A 2006
Edição:1a. ed
Assuntos:
Tags: Adicionar Tag
Sem tags, seja o primeiro a adicionar uma tag!

MARC

LEADER 00000nam a2200000 a 4500
001 UCH0711
003 CL-VaPUC
008 090320e20060400CL |||||||||||||||||spa|d
020 |a 9562474003 
082 0 4 |a 833  |b SUS  |2 21 
100 0 |a Süskind, Patrick  |e author  |9 534986 
245 1 3 |a El perfume: Historia de un asesino 
250 |a 1a. ed 
300 |a 253 p 
942 |c BK 
945 |d 20090320 00:00:00  |a dcastane 
260 |a Santiago  |b Planeta Chilena S.A  |c 2006 
650 0 |a Novelas alemanas   |9 265783 
583 |a last modification  |c 20090320 00:00:00  |k Rodrigo Vera 
999 |c 332964  |d 332962 
952 |0 0  |1 0  |4 0  |6 833_000000000000000_SUS_2006  |7 0  |8 A  |9 421040  |a BIBEDU  |b BIBEDU  |d 2019-11-22  |i 4523512  |l 5  |o 833 SUS 2006  |p 4523512  |r 2024-09-09  |s 2024-07-30  |w 2019-11-22  |y BK  |k EPE